000 00438cam a2200181ua 4500
003 OSt
008 250823b |||||||| |||| 00| 0 eng d
020 _a0-408-01498-9
041 _aeng
082 _a629.287
_bJOS/AU
100 _aJoselyn, Joss .
_97759
245 _aAuto electics /
250 _a2 /
260 _aLondon :
_bNewness Technical books ,
_c1984.
300 _a140 ; .
700 1 _aKrafft, Bob .
_97760
942 _cBK
999 _c5732
_d5732